000 00537cam a22001931 4500
001 af 48002469
003 DLC
005 20260227110855.0
008 890405s1942 gw 000 1 ger c
010 _aaf 48002469
035 _a(OCoLC)19500299
040 _aCalifornia. Univ. Libr.
_cCU
_dDLC
042 _apremarc
050 0 0 _aPT2617.E597
_bW4
100 1 _aHenrich, Josef,
_d1879-
245 1 0 _aWenn der Wald blüht,
_bRoman aus dem Leben eines Waldläufers.
260 _aMünchen,
_bF.C. Mayer,
_c1942.
300 _a183 p.
_c21 cm.
999 _c5037
_d5037